[Event "Verona-chT Serie B/5 51st"]
[Site "Verona"]
[Date "2019.03.17"]
[Round "4.4"]
[White "Brigati, Alessandro"]
[Black "Scarpellini, Felice"]
[Result "1-0"]
[WhiteElo "2029"]
[BlackElo "1609"]
[PlyCount "120"]
[EventDate "2019.03.15"]
[EventType "team-tourn"]
[EventRounds "5"]
[EventCountry "ITA"]
[SourceTitle "EXT 2022"]
[Source "ChessBase"]
[SourceDate "2021.10.06"]
[SourceVersion "1"]
[SourceVersionDate "2021.10.06"]
[SourceQuality "1"]
[WhiteTeam "Piacenza CC"]
[BlackTeam "Bergamo"]
[WhiteTeamCountry "ITA"]
[BlackTeamCountry "ITA"]

1. d4 Nf6 2. Nf3 e6 3. Bf4 d5 4. e3 c6 5. Nbd2 Be7 6. Bd3 Nbd7 7. Ne5 0-0 8. 0-0 h6 9. c3 Nxe5 10. dxe5 Nd7 11. Qh5 Bg5 12. Nf3 Bxf4 13. exf4 Qe8 14. g4 Nc5 15. Bc2 Ne4 16. Rfe1 f5 17. Qxe8 Rxe8 18. g5 hxg5 19. fxg5 g6 20. Rad1 Kg7 21. Kg2 Rh8 22. h4 Bd7 23. Rh1 Rh7 24. Nd4 Rah8 25. f3 Nc5 26. Kg3 Na6 27. Ne2 b5 28. b4 Nb8 29. Nd4 Kf7 30. Nb3 Be8 31. Nc5 Nd7 32. Nd3 Nb6 33. Bb3 Bd7 34. Nc5 Bc8 35. Rd4 Nc4 36. Bxc4 bxc4 37. Rb1 Ke8 38. Rb2 Rc7 39. a4 a6 40. Rd1 Rhh7 41. Rh1 Rh5 42. Rhb1 Rch7 43. Rh2 Rc7 44. a5 Rhh7 45. Na4 Rcd7 46. Nb6 Rd8 47. Kf4 d4 48. Nxc8 Rxc8 49. cxd4 Rd8 50. Ke3 Rd5 51. Rc1 Rb7 52. Rxc4 Kf7 53. Kd3 Rdb5 54. Kc3 Rc7 55. f4 Rcb7 56. h5 gxh5 57. Rxh5 Kg7 58. Rh6 Kf7 59. Rh7+ Kg6 60. Rxb7 Rxb7 1-0

[Event "Bratto op-C 35th"]
[Site "Bratto"]
[Date "2015.08.29"]
[Round "7.6"]
[White "Scarpellini, Felice"]
[Black "Giovannini, Stefano"]
[Result "1/2-1/2"]
[WhiteElo "1670"]
[BlackElo "1757"]
[PlyCount "42"]
[EventDate "2015.08.23"]
[EventType "swiss"]
[EventRounds "8"]
[EventCountry "ITA"]
[SourceTitle "EXT 2022"]
[Source "ChessBase"]
[SourceDate "2021.10.06"]
[SourceVersion "1"]
[SourceVersionDate "2021.10.06"]
[SourceQuality "1"]

1. c4 Nf6 2. g3 e6 3. Bg2 d5 4. Nf3 Be7 5. 0-0 0-0 6. b3 c5 7. e3 Nc6 8. d4 b6 9. Bb2 Ba6 10. Nbd2 Rc8 11. Re1 dxc4 12. Nxc4 Bxc4 13. bxc4 Na5 14. Ne5 cxd4 15. Bxd4 Nd7 16. Qg4 Nxe5 17. Bxe5 Bf6 18. Bxf6 Qxf6 19. Bf1 Rc5 20. Rac1 Rfc8 21. Qe4 h6 1/2-1/2

[Event "ITA-ch Lombardia Region Seniors"]
[Site "Castione della Presolana"]
[Date "2014.07.05"]
[Round "6"]
[White "Frignani, Alessandro"]
[Black "Scarpellini, Felice"]
[Result "1/2-1/2"]
[WhiteElo "1454"]
[BlackElo "1693"]
[PlyCount "66"]
[EventDate "2014.06.30"]
[EventType "swiss"]
[EventRounds "6"]
[EventCountry "ITA"]
[SourceTitle "EXT 2024"]
[Source "ChessBase"]
[SourceDate "2023.10.10"]
[SourceVersion "1"]
[SourceVersionDate "2023.10.10"]
[SourceQuality "1"]

1. e4 c5 2. Nc3 e6 3. Bc4 a6 4. f4 d6 5. Nf3 Nf6 6. d4 cxd4 7. Qxd4 Nc6 8. Qf2 b5 9. Bd3 Be7 10. h3 Qc7 11. Be3 Nd7 12. Qg3 g6 13. a3 Bb7 14. h4 0-0-0 15. 0-0 h5 16. Ng5 Rdf8 17. f5 Bxg5 18. Qxg5 Nde5 19. fxe6 fxe6 20. Rxf8+ Rxf8 21. Rf1 Rxf1+ 22. Bxf1 Qf7 23. Be2 Kd7 24. b4 Qe7 25. Kh2 Qxg5 26. Bxg5 Nd4 27. Bd3 Nc4 28. a4 Nb2 29. axb5 Nxd3 30. bxa6 Bxa6 31. cxd3 Bxd3 32. Kg3 Nb5 33. Nxb5 Bxb5 1/2-1/2

[Event "ITA-ch Lombardia Region Seniors"]
[Site "Castione della Presolana"]
[Date "2014.07.04"]
[Round "5"]
[White "Scarpellini, Felice"]
[Black "Cebalo, Miso"]
[Result "0-1"]
[WhiteElo "1693"]
[BlackElo "2426"]
[PlyCount "50"]
[EventDate "2014.06.30"]
[EventType "swiss"]
[EventRounds "6"]
[EventCountry "ITA"]
[SourceTitle "EXT 2024"]
[Source "ChessBase"]
[SourceDate "2023.10.10"]
[SourceVersion "1"]
[SourceVersionDate "2023.10.10"]
[SourceQuality "1"]

1. c4 c5 2. g3 g6 3. Bg2 Bg7 4. Nf3 Nc6 5. 0-0 a6 6. Nc3 Rb8 7. d3 b5 8. cxb5 axb5 9. Ne4 d6 10. Rb1 Nh6 11. Bf4 0-0 12. Nxc5 dxc5 13. Bxb8 Nxb8 14. Qc2 Na6 15. a3 Nf5 16. b4 cxb4 17. axb4 Qd6 18. Qb3 Bb7 19. e4 Nd4 20. Nxd4 Qxd4 21. Rfc1 Rd8 22. Bf1 h5 23. h4 Be5 24. Kg2 Bd6 25. Qc3 Bxb4 0-1

[Event "ITA-ch Lombardia Region Seniors"]
[Site "Castione della Presolana"]
[Date "2014.07.02"]
[Round "3"]
[White "Scarpellini, Felice"]
[Black "Alessandro, Sergio"]
[Result "1/2-1/2"]
[WhiteElo "1693"]
[BlackElo "1635"]
[PlyCount "62"]
[EventDate "2014.06.30"]
[EventType "swiss"]
[EventRounds "6"]
[EventCountry "ITA"]
[SourceTitle "EXT 2024"]
[Source "ChessBase"]
[SourceDate "2023.10.10"]
[SourceVersion "1"]
[SourceVersionDate "2023.10.10"]
[SourceQuality "1"]

1. c4 d5 2. cxd5 Qxd5 3. Nc3 Qa5 4. g3 Bf5 5. Bg2 c6 6. Nf3 Nf6 7. 0-0 e6 8. d3 Nbd7 9. a3 Bd6 10. Bd2 Qc7 11. Rc1 a6 12. Re1 e5 13. e4 Bg6 14. b4 0-0 15. Qb3 Rfc8 16. d4 exd4 17. Nxd4 Be5 18. Nf3 Bxc3 19. Bxc3 Bxe4 20. Ng5 Bd5 21. Bxd5 Nxd5 22. Ba1 h6 23. Ne4 Qd8 24. Nd6 Qg5 25. Nxc8 Rxc8 26. Qf3 Rf8 27. h4 Qg6 28. Qe4 Qd6 29. Be5 Nxe5 30. Qxe5 Qg6 31. Qe4 Qh5 1/2-1/2

[Event "Vimercate op 5th"]
[Site "Vimercate"]
[Date "2011.11.25"]
[Round "1"]
[White "Scarpellini, Felice"]
[Black "Marholev, Dimitar"]
[Result "0-1"]
[WhiteElo "1777"]
[BlackElo "2372"]
[PlyCount "80"]
[EventDate "2011.11.25"]
[EventType "swiss"]
[EventRounds "5"]
[EventCountry "ITA"]
[SourceTitle "EXT 2014"]
[Source "ChessBase"]
[SourceDate "2013.11.20"]
[SourceVersion "1"]
[SourceVersionDate "2013.11.20"]
[SourceQuality "1"]

1. c4 g6 2. Nc3 Bg7 3. g3 Nf6 4. Bg2 0-0 5. Nf3 d6 6. 0-0 e5 7. d3 h6 8. Bd2 Nc6 9. Rb1 a5 10. a3 Re8 11. b4 axb4 12. axb4 e4 13. dxe4 Nxe4 14. Nxe4 Rxe4 15. b5 Nd4 16. Nxd4 Rxd4 17. Qc1 Ra4 18. Bxh6 Rdxc4 19. Qe3 Bd4 20. Qf4 Bf6 21. Qe3 Rc5 22. Qb3 Ra5 23. b6 c6 24. Be3 Be6 25. Qb4 Bc3 26. Qf4 Rc4 27. Be4 Re5 28. Bxc6 Rxc6 29. Rfd1 Rd5 30. Qa4 Rxd1+ 31. Rxd1 Qc8 32. Qa7 Bb4 33. Qa1 Bc3 34. Qa3 Be5 35. f4 Rc3 36. Qb4 Rxe3 37. fxe5 Rxe5 38. Qxd6 Qc5+ 39. Qxc5 Rxc5 40. Rd6 Bd5 0-1

[Event "Milan Crespi op-B 31th"]
[Site "Milan"]
[Date "2010.12.07"]
[Round "5"]
[White "Reina, Giuseppe"]
[Black "Scarpellini, Felice"]
[Result "1/2-1/2"]
[WhiteElo "1841"]
[BlackElo "1809"]
[PlyCount "119"]
[EventDate "2010.12.04"]
[EventType "swiss"]
[EventRounds "7"]
[EventCountry "ITA"]
[SourceTitle "EXT 2024"]
[Source "ChessBase"]
[SourceDate "2023.10.10"]
[SourceVersion "1"]
[SourceVersionDate "2023.10.10"]
[SourceQuality "1"]

1. Nf3 Nf6 2. d4 e6 3. c4 d5 4. Nc3 b6 5. Bg5 Be7 6. e3 Bb7 7. Rc1 Nbd7 8. cxd5 exd5 9. Bd3 0-0 10. 0-0 h6 11. Bf4 c5 12. h3 Ne4 13. Ne2 f5 14. a4 Rc8 15. a5 c4 16. Bxe4 fxe4 17. Nd2 b5 18. f3 exf3 19. gxf3 Bh4 20. Qc2 Qf6 21. Kh2 g5 22. Bg3 Bxg3+ 23. Nxg3 Qd6 24. Kg2 Rf7 25. Nh5 Nf8 26. f4 Qg6 27. Qxg6+ Nxg6 28. fxg5 hxg5 29. Kg3 Rcf8 30. Rxf7 Rxf7 31. Rf1 Rxf1 32. Nxf1 Kf7 33. Kg4 Bc8+ 34. Kxg5 Bxh3 35. Nd2 b4 36. Nf6 Ne7 37. e4 c3 38. bxc3 bxc3 39. Nb3 dxe4 40. Nxe4 Nd5 41. Nf2 Bf1 42. Kf5 Ke7 43. Ke4 Nb4 44. d5 Bc4 45. Nc1 Bxd5+ 46. Kd4 c2 47. Kc3 Nc6 48. Kxc2 Nxa5 49. Kc3 Nc6 50. Nb3 Kd6 51. Nd3 Kc7 52. Nb4 Bg8 53. Nxc6 Kxc6 54. Nd4+ Kc5 55. Nc2 a5 56. Kb2 Kb5 57. Ka3 a4 58. Nd4+ Kc5 59. Ne2 Bb3 60. Nc3 1/2-1/2

[Event "Milan Crespi op-B 31th"]
[Site "Milan"]
[Date "2010.12.04"]
[Round "1"]
[White "Morandi, Daniele"]
[Black "Scarpellini, Felice"]
[Result "1-0"]
[WhiteElo "1925"]
[BlackElo "1809"]
[PlyCount "75"]
[EventDate "2010.12.04"]
[EventType "swiss"]
[EventRounds "7"]
[EventCountry "ITA"]
[SourceTitle "EXT 2024"]
[Source "ChessBase"]
[SourceDate "2023.10.10"]
[SourceVersion "1"]
[SourceVersionDate "2023.10.10"]
[SourceQuality "1"]

1. e4 d6 2. d4 g6 3. c4 Bg7 4. Nc3 c6 5. Be3 Nf6 6. f3 0-0 7. Qd2 a6 8. Bh6 b5 9. Bxg7 Kxg7 10. g4 e5 11. d5 cxd5 12. g5 Nh5 13. Nxd5 bxc4 14. Bxc4 Nc6 15. Ne2 Bb7 16. Bb3 Qa5 17. Ndc3 Rad8 18. Bd5 Rd7 19. f4 f5 20. exf5 gxf5 21. 0-0-0 Ba8 22. Qe3 e4 23. Qh3 Nb4 24. Bxa8 Rxa8 25. Qxh5 Nd3+ 26. Rxd3 exd3 27. Nd4 Rc8 28. Kd2 Qb4 29. Qh6+ Kh8 30. Qf6+ Rg7 31. Nxf5 Qxb2+ 32. Kxd3 Rxc3+ 33. Qxc3 Qb5+ 34. Ke4 Qb7+ 35. Ke3 Qb6+ 36. Kf3 Qb7+ 37. Kg3 h5 38. Qxg7+ 1-0

[Event "Wch Seniors 20th"]
[Site "Arco"]
[Date "2010.10.27"]
[Round "2"]
[White "Belokopyt, Boris Khaimovich"]
[Black "Scarpellini, Felice"]
[Result "1-0"]
[WhiteElo "2041"]
[BlackElo "1809"]
[PlyCount "61"]
[EventDate "2010.10.26"]
[EventType "swiss"]
[EventRounds "11"]
[EventCountry "ITA"]
[SourceTitle "EXT 2011"]
[Source "ChessBase"]
[SourceDate "2010.11.26"]
[SourceVersion "1"]
[SourceVersionDate "2010.11.26"]
[SourceQuality "1"]

1. e4 d6 2. d4 g6 3. f4 Bg7 4. Nf3 a6 5. Bd3 b5 6. 0-0 Bb7 7. c3 Nd7 8. e5 e6 9. exd6 cxd6 10. Qe2 Ne7 11. Nbd2 0-0 12. Ne4 Nb6 13. b3 Rc8 14. Qd2 Nbd5 15. Ba3 Rc6 16. c4 bxc4 17. bxc4 Nf6 18. Rac1 Nxe4 19. Bxe4 Rc7 20. Bxb7 Rxb7 21. Rb1 Rd7 22. Rfd1 Re8 23. Qb4 Nf5 24. Qa4 a5 25. c5 d5 26. Rb5 Ra7 27. c6 Ra8 28. Rb7 Ne3 29. Rdb1 Nc2 30. c7 Qc8 31. Rb8 1-0

[Event "Milan Crespi op-B 30th"]
[Site "Milan"]
[Date "2009.12.04"]
[Round "1"]
[White "Kimbin, Richard Conrod"]
[Black "Scarpellini, Felice"]
[Result "1-0"]
[WhiteElo "1935"]
[BlackElo "1803"]
[PlyCount "84"]
[EventDate "2009.12.04"]
[EventType "swiss"]
[EventRounds "7"]
[EventCountry "ITA"]
[SourceTitle "EXT 2012"]
[Source "ChessBase"]
[SourceDate "2011.11.24"]
[SourceVersion "1"]
[SourceVersionDate "2011.11.24"]
[SourceQuality "1"]

1. e4 d6 2. Nf3 g6 3. g3 Bg7 4. Bg2 Nf6 5. d3 0-0 6. 0-0 Bg4 7. h3 Bxf3 8. Bxf3 e5 9. Be3 c5 10. c4 Nc6 11. Nc3 Nd4 12. Bg2 a6 13. f4 Nh5 14. Bxd4 cxd4 15. Ne2 f5 16. exf5 gxf5 17. Bxb7 Rb8 18. Bd5+ Kh8 19. Rb1 Nf6 20. Bg2 Nd7 21. b4 Qc7 22. a4 Qb6 23. fxe5 dxe5 24. c5 Qc7 25. Qc1 Rf6 26. Qc4 Rbf8 27. c6 Nb6 28. Qxa6 Ra8 29. Qb7 Qxb7 30. cxb7 Rb8 31. a5 Na4 32. Rfc1 e4 33. Rc8+ Rf8 34. Rxb8 Rxb8 35. a6 Nb6 36. dxe4 d3 37. Nf4 fxe4 38. Bxe4 d2 39. a7 Bd4+ 40. Kh2 Rxb7 41. Bxb7 Bb2 42. Rd1 Bc1 1-0

[Event "Wch Seniors 19th"]
[Site "Condino"]
[Date "2009.11.06"]
[Round "10"]
[White "Acunzo, Domenico"]
[Black "Scarpellini, Felice"]
[Result "1/2-1/2"]
[WhiteElo "1830"]
[BlackElo "1820"]
[PlyCount "33"]
[EventDate "2009.10.27"]
[EventType "swiss"]
[EventRounds "11"]
[EventCountry "ITA"]
[SourceTitle "EXT 2010"]
[Source "ChessBase"]
[SourceDate "2010.11.25"]
[SourceVersion "1"]
[SourceVersionDate "2010.11.25"]
[SourceQuality "1"]

1. e4 d6 2. d4 g6 3. f4 Bg7 4. Nf3 Bg4 5. Be2 Nd7 6. c4 Bxf3 7. Bxf3 e5 8. Be3 Ngf6 9. 0-0 0-0 10. Nc3 c6 11. fxe5 dxe5 12. d5 Nb6 13. b3 cxd5 14. cxd5 Rc8 15. Qd2 Re8 16. Rac1 Qd7 17. Qf2 1/2-1/2

[Event "Wch Seniors 19th"]
[Site "Condino"]
[Date "2009.11.04"]
[Round "8"]
[White "Soluri, Francesco"]
[Black "Scarpellini, Felice"]
[Result "0-1"]
[WhiteElo "1542"]
[BlackElo "1820"]
[PlyCount "50"]
[EventDate "2009.10.27"]
[EventType "swiss"]
[EventRounds "11"]
[EventCountry "ITA"]
[SourceTitle "EXT 2010"]
[Source "ChessBase"]
[SourceDate "2010.11.25"]
[SourceVersion "1"]
[SourceVersionDate "2010.11.25"]
[SourceQuality "1"]

1. d4 Nf6 2. Bf4 e6 3. Nf3 d5 4. e3 Be7 5. Nbd2 0-0 6. h3 Nbd7 7. Bd3 c5 8. c3 b6 9. 0-0 Bb7 10. Re1 Ne4 11. Re2 f5 12. Rc1 Rc8 13. b3 cxd4 14. Nxd4 Rf6 15. N2f3 Nxc3 16. Qd2 Nxe2+ 17. Bxe2 Rxc1+ 18. Qxc1 h6 19. Nc6 Bxc6 20. Qxc6 Kh8 21. Bb5 e5 22. Qxd7 Qxd7 23. Bxd7 exf4 24. Nd4 fxe3 25. fxe3 Bc5 0-1

[Event "Crema op 11th"]
[Site "Crema"]
[Date "2009.09.06"]
[Round "6"]
[White "Scarpellini, Felice"]
[Black "Sperli, Maurizio"]
[Result "1-0"]
[WhiteElo "1823"]
[BlackElo "1562"]
[PlyCount "69"]
[EventDate "2009.09.04"]
[EventType "swiss"]
[EventRounds "6"]
[EventCountry "ITA"]
[SourceTitle "EXT 2011"]
[Source "ChessBase"]
[SourceDate "2010.11.26"]
[SourceVersion "1"]
[SourceVersionDate "2010.11.26"]
[SourceQuality "1"]

1. c4 Nf6 2. Nc3 g6 3. g3 Bg7 4. Bg2 0-0 5. Nf3 d6 6. d4 Re8 7. e4 Nbd7 8. 0-0 e5 9. d5 h6 10. Nh4 Nc5 11. b4 Ncd7 12. Rb1 Nf8 13. Bd2 Kh7 14. c5 Bd7 15. Qe2 Qc8 16. Nb5 a6 17. Nc3 Bh3 18. f4 Bxg2 19. Nxg2 Qh3 20. Rbe1 Ng4 21. Ne3 Nxe3 22. Qxe3 Re7 23. f5 f6 24. Qf3 g5 25. g4 Qxf3 26. Rxf3 Rc8 27. Ne2 dxc5 28. bxc5 Nd7 29. Bb4 Rf7 30. Rc1 b6 31. cxb6 Nxb6 32. Ba5 Na8 33. Rc6 Bf8 34. Rfc3 Bd6 35. Rxd6 1-0

[Event "Crema op 11th"]
[Site "Crema"]
[Date "2009.09.05"]
[Round "3"]
[White "Mussap, Angelo"]
[Black "Scarpellini, Felice"]
[Result "1-0"]
[WhiteElo "2045"]
[BlackElo "1823"]
[PlyCount "115"]
[EventDate "2009.09.04"]
[EventType "swiss"]
[EventRounds "6"]
[EventCountry "ITA"]
[SourceTitle "EXT 2011"]
[Source "ChessBase"]
[SourceDate "2010.11.26"]
[SourceVersion "1"]
[SourceVersionDate "2010.11.26"]
[SourceQuality "1"]

1. e4 d6 2. d4 g6 3. h3 Bg7 4. Nf3 a6 5. Bc4 e6 6. 0-0 b5 7. Bb3 Bb7 8. d5 e5 9. c4 bxc4 10. Bxc4 Nd7 11. Be3 Ngf6 12. Nbd2 0-0 13. Rc1 Nb6 14. Bb3 Rc8 15. Qe2 Qd7 16. Rc3 Na8 17. Bc4 c6 18. dxc6 Bxc6 19. Bxa6 Rb8 20. Qd3 Rxb2 21. Bc4 Rb4 22. Rfc1 Bb5 23. Bxb5 Rxb5 24. Rc6 Ra5 25. Rxd6 Qb5 26. Qxb5 Rxb5 27. a4 Rb4 28. Ra6 Nxe4 29. Nxe4 Rxe4 30. Rc5 Re8 31. Ng5 Rb4 32. Ra7 Rb1+ 33. Rc1 Rxc1+ 34. Bxc1 f6 35. Nf7 Nb6 36. a5 Nc4 37. a6 Bf8 38. Rc7 Nb6 39. Rb7 Na8 40. Be3 f5 41. f3 e4 42. Kf2 exf3 43. Kxf3 Be7 44. Ne5 Bf6 45. Nd7 Bd8 46. Bf4 g5 47. Be5 g4+ 48. hxg4 fxg4+ 49. Kxg4 Be7 50. a7 Kf7 51. Nf6 Rd8 52. Nxh7 Ke6 53. Rxe7+ Kxe7 54. Bf6+ Kd7 55. Bxd8 Kxd8 56. Kf5 Kc8 57. g4 Nc7 58. Nf6 1-0

[Event "Milan Crespi op-B 29th"]
[Site "Milan"]
[Date "2008.12.08"]
[Round "7"]
[White "Zeppos, Panagiotis"]
[Black "Scarpellini, Felice"]
[Result "1-0"]
[WhiteElo "1823"]
[BlackElo "1849"]
[PlyCount "67"]
[EventDate "2008.12.05"]
[EventType "swiss"]
[EventRounds "7"]
[EventCountry "ITA"]
[SourceTitle "EXT 2010"]
[Source "ChessBase"]
[SourceDate "2010.11.25"]
[SourceVersion "1"]
[SourceVersionDate "2010.11.25"]
[SourceQuality "1"]

1. e4 d6 2. d4 g6 3. Nc3 Bg7 4. Nge2 a6 5. g3 b5 6. a3 Bb7 7. Bg2 Nd7 8. 0-0 Nb6 9. f4 Nf6 10. e5 Bxg2 11. exf6 Bxf1 12. fxg7 Rg8 13. Qxf1 Rxg7 14. b3 Qd7 15. Be3 f5 16. Qg2 d5 17. Nc1 e6 18. Nd3 0-0-0 19. Nc5 Qd6 20. Nxa6 Nd7 21. Nb4 Qb6 22. Qe2 c6 23. a4 Nf6 24. axb5 Ra7 25. Ra6 Rxa6 26. Nxa6 Ne4 27. Nxe4 fxe4 28. bxc6 Qxc6 29. Nc5 Re8 30. Qd2 Re7 31. Qa5 Rc7 32. b4 Rb7 33. Qa8+ Kc7 34. Qxb7+ 1-0

[Event "Milan Crespi op-B 29th"]
[Site "Milan"]
[Date "2008.12.05"]
[Round "2"]
[White "Scarpellini, Felice"]
[Black "Guzzetti, Luigi Enrico"]
[Result "1/2-1/2"]
[WhiteElo "1849"]
[BlackElo "1943"]
[PlyCount "90"]
[EventDate "2008.12.05"]
[EventType "swiss"]
[EventRounds "7"]
[EventCountry "ITA"]
[SourceTitle "EXT 2010"]
[Source "ChessBase"]
[SourceDate "2010.11.25"]
[SourceVersion "1"]
[SourceVersionDate "2010.11.25"]
[SourceQuality "1"]

1. c4 Nf6 2. Nc3 g6 3. g3 Bg7 4. Bg2 0-0 5. e4 d6 6. Nge2 Nc6 7. 0-0 e5 8. d3 Bd7 9. f4 Qc8 10. Nd5 Nxd5 11. cxd5 Ne7 12. Nc3 b5 13. a3 a5 14. fxe5 Bxe5 15. d4 Bg7 16. Bf4 b4 17. Ne2 bxa3 18. bxa3 Rb8 19. Rc1 Rb2 20. Bxd6 cxd6 21. Rxc8 Rxc8 22. Nc1 Rcc2 23. Qf3 Rxg2+ 24. Qxg2 Rxg2+ 25. Kxg2 Bxd4 26. Nb3 Bb6 27. Rb1 Ba4 28. Nd2 Bc5 29. Nc4 Bc2 30. Rb8+ Kg7 31. Kf3 a4 32. Rd8 Ng8 33. Nxd6 Nf6 34. e5 Bd1+ 35. Kg2 Nxd5 36. Ne8+ Kf8 37. Rxd5 Bxa3 38. Rxd1 Kxe8 39. Ra1 Bb2 40. Rxa4 Bxe5 41. Re4 f6 42. g4 Kf7 43. g5 Ke6 44. gxf6 Kxf6 45. h3 Kf5 1/2-1/2

[Event "Milan Crespi op-B 29th"]
[Site "Milan"]
[Date "2008.12.04"]
[Round "1"]
[White "Delledonne, Francesco"]
[Black "Scarpellini, Felice"]
[Result "1-0"]
[WhiteElo "1938"]
[BlackElo "1849"]
[PlyCount "81"]
[EventDate "2008.12.05"]
[EventType "swiss"]
[EventRounds "7"]
[EventCountry "ITA"]
[SourceTitle "EXT 2010"]
[Source "ChessBase"]
[SourceDate "2010.11.25"]
[SourceVersion "1"]
[SourceVersionDate "2010.11.25"]
[SourceQuality "1"]

1. d4 Nf6 2. c4 e6 3. Nf3 d5 4. Nc3 b6 5. cxd5 exd5 6. Bg5 Be7 7. e3 Bb7 8. Bb5+ c6 9. Bd3 Nbd7 10. 0-0 0-0 11. Rc1 c5 12. Qa4 Ne4 13. Bf4 f5 14. Ne5 Nxe5 15. Bxe5 Bf6 16. f3 Nxc3 17. bxc3 g6 18. f4 c4 19. Be2 a6 20. Bf3 b5 21. Qc2 Qd7 22. Qe2 Bc6 23. g4 Kh8 24. g5 Bxe5 25. dxe5 Rab8 26. a3 Qe7 27. Qa2 Qc5 28. Kf2 Rb6 29. h4 a5 30. h5 Kg7 31. hxg6 hxg6 32. Rh1 Rh8 33. Rxh8 Kxh8 34. Rh1+ Kg7 35. Kg3 Qf8 36. Qh2 Qg8 37. Qd2 Rb7 38. e6 Kf8 39. Qd4 Ke7 40. Qc5+ Kxe6 41. Qxc6+ 1-0

[Event "Bratto op-B 28th"]
[Site "Bratto"]
[Date "2008.08.27"]
[Round "5"]
[White "Scarpellini, Felice"]
[Black "Nepi, Ezio"]
[Result "1/2-1/2"]
[WhiteElo "1857"]
[BlackElo "1833"]
[PlyCount "81"]
[EventDate "2008.08.23"]
[EventType "swiss"]
[EventRounds "9"]
[EventCountry "ITA"]
[SourceTitle "EXT 2011"]
[Source "ChessBase"]
[SourceDate "2010.11.26"]
[SourceVersion "1"]
[SourceVersionDate "2010.11.26"]
[SourceQuality "1"]

1. c4 e5 2. Nc3 Nc6 3. g3 g6 4. Bg2 Bg7 5. d3 f5 6. e4 d6 7. Nge2 Nf6 8. f4 0-0 9. 0-0 fxe4 10. Nxe4 Nxe4 11. Bxe4 Bg4 12. h3 Bxh3 13. Rf2 Qd7 14. Rh2 Rae8 15. Be3 Bf5 16. Bd5+ Kh8 17. Nc3 exf4 18. Bxf4 Ne5 19. Be4 Bxe4 20. Nxe4 Ng4 21. Rh4 Bd4+ 22. Kh1 Rxe4 23. Qxg4 Qxg4 24. Rxg4 Re2 25. Bxd6 Bxb2 26. Bxf8 Bxa1 27. Re4 Rxe4 28. dxe4 Kg8 29. Bh6 Kf7 30. Kg2 Ke6 31. Kf3 Be5 32. g4 Kd6 33. Be3 h5 34. gxh5 gxh5 35. Bf2 a6 36. a4 Kc6 37. Be3 b5 38. cxb5+ axb5 39. axb5+ Kxb5 40. Bf2 c5 41. Bxc5 1/2-1/2

[Event "Bratto op-B 28th"]
[Site "Bratto"]
[Date "2008.08.24"]
[Round "2"]
[White "Scarpellini, Felice"]
[Black "Morandi, Daniele"]
[Result "0-1"]
[WhiteElo "1857"]
[BlackElo "1988"]
[PlyCount "124"]
[EventDate "2008.08.23"]
[EventType "swiss"]
[EventRounds "9"]
[EventCountry "ITA"]
[SourceTitle "EXT 2011"]
[Source "ChessBase"]
[SourceDate "2010.11.26"]
[SourceVersion "1"]
[SourceVersionDate "2010.11.26"]
[SourceQuality "1"]

1. c4 Nf6 2. Nc3 g6 3. g3 Bg7 4. Bg2 d6 5. e4 0-0 6. Nge2 Nc6 7. 0-0 e5 8. d3 Nh5 9. f4 exf4 10. Nxf4 Nxf4 11. Bxf4 Nd4 12. Qd2 c6 13. Bh6 Qb6 14. Be3 Qc7 15. Kh1 b6 16. Bh6 Bb7 17. Bxg7 Kxg7 18. Qg5 Qd8 19. Qe3 Ne6 20. Rf2 Qg5 21. Qxg5 Nxg5 22. Raf1 Rae8 23. d4 f6 24. d5 h5 25. Rf4 Re5 26. h4 Nh7 27. Kh2 cxd5 28. exd5 Ba6 29. b3 f5 30. R1f2 Nf6 31. Bf3 Rfe8 32. Bd1 Re3 33. Rc2 Rd3 34. Be2 Rxc3 35. Rxc3 Rxe2+ 36. Kg1 Rxa2 37. Re3 Ne4 38. Rf1 Ra3 39. Rfe1 Kf6 40. R1e2 b5 41. cxb5 Bxb5 42. Rc2 a5 43. Rc8 a4 44. Rb8 Bc4 45. Rxe4 fxe4 46. bxc4 Rxg3+ 47. Kf2 Rc3 48. Re8 Rxc4 49. Re6+ Kf5 50. Rxd6 Rd4 51. Ra6 Ke5 52. Rxg6 Rxd5 53. Ra6 Rd2+ 54. Ke3 Rd3+ 55. Ke2 a3 56. Ra5+ Kf4 57. Rxh5 a2 58. Ra5 Rh3 59. h5 Rxh5 60. Ra8 Rh1 61. Rxa2 Rh2+ 62. Ke1 Rxa2 0-1

[Event "Bratto op-B 27th"]
[Site "Bratto"]
[Date "2007.08.27"]
[Round "4"]
[White "Bini, Gabriele"]
[Black "Scarpellini, Felice"]
[Result "1/2-1/2"]
[WhiteElo "1601"]
[BlackElo "1848"]
[PlyCount "80"]
[EventDate "2007.08.24"]
[EventType "swiss"]
[EventRounds "8"]
[EventCountry "ITA"]
[SourceTitle "CBM 120 Extra"]
[Source "ChessBase"]
[SourceDate "2007.11.01"]
[SourceVersion "1"]
[SourceVersionDate "2007.11.01"]
[SourceQuality "1"]

1. e4 d6 2. d4 g6 3. Nc3 Bg7 4. Bg5 c6 5. Bc4 Nf6 6. Nge2 0-0 7. 0-0 b5 8. Bxf6 Bxf6 9. Nxb5 cxb5 10. Bd5 Nc6 11. Bxc6 Rb8 12. c3 Bb7 13. Bxb7 Rxb7 14. Qd2 Qb6 15. Rac1 Rc8 16. Kh1 Rbc7 17. f4 Qc6 18. Qe3 e5 19. fxe5 dxe5 20. d5 Qd6 21. Rf3 Qd8 22. Rcf1 Bg5 23. Qd3 a6 24. a4 Qe8 25. axb5 Qxb5 26. Qxb5 axb5 27. Ra1 Rc4 28. Ng3 Bf4 29. Ra7 b4 30. Ra4 bxc3 31. Rxc4 Rxc4 32. bxc3 Bxg3 33. Rxg3 Rxe4 34. h3 Re1+ 35. Kh2 Rd1 36. c4 Kf8 37. Rc3 Ke7 38. Kg3 e4 39. Kf4 f5 40. Ke5 Rd3 1/2-1/2

[Event "Bratto op-B 27th"]
[Site "Bratto"]
[Date "2007.08.26"]
[Round "3"]
[White "Scarpellini, Felice"]
[Black "Margstahler, Francesco"]
[Result "1/2-1/2"]
[WhiteElo "1848"]
[BlackElo "1752"]
[PlyCount "70"]
[EventDate "2007.08.24"]
[EventType "swiss"]
[EventRounds "8"]
[EventCountry "ITA"]
[SourceTitle "CBM 120 Extra"]
[Source "ChessBase"]
[SourceDate "2007.11.01"]
[SourceVersion "1"]
[SourceVersionDate "2007.11.01"]
[SourceQuality "1"]

1. c4 e6 2. Nc3 d5 3. cxd5 exd5 4. d4 c6 5. g3 Nf6 6. Bg2 Bd6 7. Nf3 0-0 8. 0-0 Re8 9. a3 Nbd7 10. b4 Nb6 11. e3 Bg4 12. h3 Bh5 13. g4 Bg6 14. Nh2 Nc4 15. Re1 Qc7 16. f4 Ne4 17. Nxe4 Bxe4 18. Nf3 f6 19. Nd2 Nxd2 20. Bxd2 Re7 21. Rc1 Rae8 22. Qb3 Qb6 23. Qc3 a6 24. Rf1 Qc7 25. Rf2 g5 26. Rcf1 gxf4 27. exf4 Bxg2 28. Kxg2 Re4 29. f5 Qb6 30. g5 Qxd4 31. Qxd4 Rxd4 32. Bc3 Rd3 33. Bxf6 Rg3+ 34. Kh1 Rxh3+ 35. Kg2 Rg3+ 1/2-1/2